Responses for show #3666 - Monday, July 10, 2000

Doug Lach game 3.

Contestants

[<< previous game]

Steve Wang, a software developer from Redwood City, California

Deborah Van Ness, a stay-at-home mom from New City, New York

Doug Lach, a product development manager from Columbus, Ohio (whose 2-day cash winnings total $48,500)

[next game >>]

Jeopardy! Round responses

U.S. GEOGRAPHY
BATMAN'S WORLD
LANGUAGES
"DELTA"
COMETS
CALVIN-ISM
    $100 26
(minute to go...)

Mississippi River

Doug
    $100 1
The Penguin

Doug
    $100 9
German

Doug
    $100 21
Delta Burke

Deborah
    $100 6
Telescope

Doug
    $100 8
Calvin Klein

Deborah
    $200 30
Mount Whitney

Doug
    $200 2
Dick Grayson/Robin

Doug
    $200 10
French

Doug
    $200 22
Delta Airlines

Steve
    $200 7
(S: What is return to the Earth?)

Orbit the sun

Steve
Triple Stumper
    $200 14
Calvin & Hobbes

Steve
    $300 15
Bakersfield

Deborah
    $300 3
The Joker

Doug
    $300 11
Cantonese

Doug
    $300 23
Delta Queen

Deborah
    $2,000 27
Great Flood

Doug
    $300 16
Snoop Doggy Dogg

Doug
    $400 19
Chesapeake Bay

Doug
    $400 4
Commissioner Gordon

Steve
    $400 12
Latin

Deborah
    $400 24
Delta faucets

Deborah
    $400 28
Perigee

Steve
    $400 17
Calvin Coolidge

Doug
    $500 20
(S: What is Birmingham?)
(Deborah: What is Richmond?)

Montgomery

DeborahSteve
Triple Stumper
    $500 5
Catwoman

Doug
    $500 13
(Deborah: What is Arabic?)

Aramaic

Deborah
Triple Stumper
    $500 25
(Deborah: What is Delta Delta Delta?)

Delta Sigma Pi

Deborah
Triple Stumper
    $500 29
(Doug: Who is Copernicus?)

Tycho Brahe

DougSteve
    $500 18
Photosynthesis

Steve

Scores at the first commercial break (after clue 15):

Doug Deborah Steve
$1,800 $300 $400

Scores at the end of the Jeopardy! Round:

Doug Deborah Steve
$4,700 $100 $1,500

Double Jeopardy! Round responses

WHO'S ON THE BRITISH THRONE?
(Alex: When the things I mention in the clues happened)
TOOLS
RUSSIAN AUTHORS
FILMS OF THE '90s
FUN WITH AREA CODES
CALVINISM
(Alex: Without the hyphen.)
    $200 13
Elizabeth II (1974)

Doug
    $200 1
shears

Doug
    $200 18
English

Doug
    $200 30
(Alex: Darn it, we're out of clues and you're at -$100... Boo! Hiss! That means you won't be around for Final Jeopardy!)

Richard Gere

Deborah
    $200 7
"Allentown"

Doug
    $200 28
the Fall

Deborah
    $400 14
Elizabeth I

Doug
    $400 2
(Alex: And you have to spell it out.)

S-C-Y-T-H-E

Steve
    $2,500 19
Fyodor Dostoyevsky

Doug
    $400 29
Apollo 13

Doug
    $400 8
ME (Maine)

Triple Stumper
    $400 27
Puritanism

Doug
    $600 15
Victoria

Steve
    $600 10
a corkscrew

Doug
    $600 20
Aleksandr Solzhenitsyn

Steve
    $600 3
Scream

Steve
    $600 9
(Deborah: What is 747?)
(Doug: What is 737?)

727

DougDeborah
Triple Stumper
    $600 26
John Knox

Doug
    $800 16
George VI

Steve
    $800 11
(Deborah: What are teeth?)
...
(Alex: They're locksmiths' tools.)

locks

Deborah
Triple Stumper
    $800 22
Yevgeny Yevtushenko

Triple Stumper
    $800 4
The General's Daughter

Steve
    $800 6
714

Doug
    $800 25
the Elect

Deborah
    $1000 17
James I

Doug
    $1000 12
a countersink

Doug
    $1000 23
(Alex: One minute to go, Steve.)

Isaac Babel

Triple Stumper
    $1,600 5
(Steve: What is Howards End?)

Sense and Sensibility

Steve
    $1000 21
360

Triple Stumper
    $1000 24
predestination

Triple Stumper

Scores at the end of the Double Jeopardy! Round:

Doug Deborah Steve
$12,600 -$100 $3,700
(lock game)

[wagering suggestions for these scores]

Final Jeopardy! Round responses

FAMOUS NAMES
(Alex: If I had shown you an example of a work he did on me last season/last year, that might have helped.)
SteveWho is Ziggy?
$3,700
DougWho is Breslin?
$5,100
Al Hirschfeld

Final scores:

Doug Deborah Steve
$7,500 -$100 $0
3-day champion: $56,000 3rd place: $1,000 Sony Card Shopping Spree 2nd place: Trip to Runaway Bay, Jamaica

Game dynamics:

Coryat scores:

Doug Deborah Steve
$8,800 -$100 $5,300
27 R
(including 2 DDs),
2 W
9 R,
5 W
12 R,
3 W
(including 1 DD)

Combined Coryat: $14,000

The J! Archive is created by fans, for fans. The Jeopardy! game show and all elements thereof, including but not limited to copyright and trademark thereto, are the property of Jeopardy Productions, Inc. and are protected under law. This website is not affiliated with, sponsored by, or operated by Jeopardy Productions, Inc. Join the discussion at JBoard.tv.